[Event "POL-ch Blitz U18"]
[Site "Bydgoszcz"]
[Date "2023.08.31"]
[Round "1"]
[White "Chiszko, Oskar"]
[Black "Wnorowski, Wiktor"]
[Result "1-0"]
[WhiteElo "1898"]
[BlackElo "1130"]
[PlyCount "47"]
[EventDate "2023.08.28"]
[EventType "swiss"]
[EventRounds "10"]
[EventCountry "POL"]
[SourceTitle "EXT 2024"]
[Source "ChessBase"]
[SourceDate "2023.10.10"]
[SourceVersion "1"]
[SourceVersionDate "2023.10.10"]
[SourceQuality "1"]

1. d4 d5 2. c4 e6 3. Nc3 Bb4 4. cxd5 exd5 5. a3 Bxc3+ 6. bxc3 Nf6 7. e3 Nc6 8. Bd3 Be6 9. Ne2 h6 10. 0-0 0-0 11. Nf4 Qd7 12. f3 a6 13. Qc2 b5 14. e4 dxe4 15. fxe4 Na5 16. d5 Bg4 17. h3 Bh5 18. e5 Nxd5 19. Nxh5 c5 20. Be4 Rad8 21. Bxh6 gxh6 22. Bxd5 Qxd5 23. Nf6+ Kg7 24. Qh7# 1-0